000 00298 a2200121 4500
001 71760
082 _a531 TIR
090 _c38796
_d38796
100 _aS.M.A.Tirmizi
245 _aMechanics 3rd Edition for BSc Students
_hEnglish
260 _aLahore
_bSh. Ghulam Ali
_c1996
300 _aX 182p
942 _aCAE NUST
_cTXT
_k531 TIR
999 _c306833
_d306833